[Event "Ljubljana-chT 75th"]
[Site "Ljubljana"]
[Date "2023.01.12"]
[Round "1.3"]
[White "Lazar, Ivan"]
[Black "Smirnov, Maksim"]
[Result "0-1"]
[WhiteElo "1765"]
[BlackElo "1405"]
[PlyCount "57"]
[EventDate "2023.01.12"]
[EventType "team-swiss"]
[EventRounds "9"]
[EventCountry "SLO"]
[SourceTitle "EXT 2024"]
[Source "ChessBase"]
[SourceDate "2023.10.10"]
[SourceVersion "1"]
[SourceVersionDate "2023.10.10"]
[SourceQuality "1"]
[WhiteTeam "Zagorje ob Savi"]
[BlackTeam "Kranj Tomo Zupan"]
[WhiteTeamCountry "SLO"]
[BlackTeamCountry "SLO"]

1. c4 c6 2. Nf3 d5 3. e3 Nf6 4. d4 Bf5 5. Nc3 dxc4 6. Bxc4 e6 7. 0-0 Nbd7 8. a3 h6 9. Re1 Be7 10. e4 Bh7 11. d5 Nb6 12. Qb3 Nxc4 13. Qxc4 exd5 14. exd5 Nxd5 15. Rd1 0-0 16. Nxd5 cxd5 17. Rxd5 Qb6 18. Rb5 Qa6 19. Be3 Rac8 20. Qf1 Rfd8 21. Rb3 Bd3 22. Qe1 Bf6 23. Qb4 b6 24. Qe1 Bc4 25. Rb4 Be7 26. Rxc4 Qxc4 27. Bxb6 axb6 28. Qxe7 Re8 29. Qb4 0-1